[Event "Hamedan 5th"]
[Site "Hamedan"]
[Date "2013.??.??"]
[Round "9.5"]
[White "Asadi Pour, Elham"]
[Black "Taghvaei, Soheila"]
[Result "1/2-1/2"]
[WhiteElo "1450"]
[BlackElo "1450"]
[PlyCount "30"]
[EventDate "2013.12.30"]
[EventType "tourn"]
[EventRounds "11"]
[EventCountry "IRI"]
[SourceTitle "EXT 2024"]
[Source "ChessBase"]
[SourceDate "2023.10.10"]
[SourceVersion "1"]
[SourceVersionDate "2023.10.10"]
[SourceQuality "1"]

1. e4 d5 2. Nc3 e5 3. exd5 Nf6 4. Nf3 Bg4 5. Be2 Bxf3 6. Bxf3 Bd6 7. 0-0 0-0 8. Re1 Re8 9. d3 h6 10. b3 Bb4 11. Bd2 Nbd7 12. Ne4 Bxd2 13. Qxd2 Nxe4 14. dxe4 Qf6 15. Rad1 Rad8 1/2-1/2